Statistics for Ohio State Quarterbacks

Click here to take the quiz!

General Stats

  • This quiz has been taken 410 times
  • The average score is 4 of 10

Answer Stats

HintAnswer% Correct
2011-13Braxton Miller
88%
2014J.T. Barrett
85%
2004-06Troy Smith
77%
2008-10Terrelle Pryor
42%
2001-03Craig Krenzel
41%
2013Kenny Guiton
28%
2004-05Justin Zwick
18%
2007-08Todd Boeckman
18%
2011Joe Bauserman
16%
2014Cordell Jones
11%

Score Distribution

Percentile by Number Answered

Percent of People with Each Score

Your Score History

You have not taken this quiz